00859nam a2200229 a 450000100100000000500170001000800410002704000250006804100390009308200190013210000200015124000370017124501210020830000280032949000530035753400610041065000290047170000250050070000170052570000340054283000530057600002080920200930011153.0100817s1968 mx a 001 0 spa d aDO-SdBNPbspacBPJMB17aspaheng2Código de idiomas MARC a621.381bR795p1 aRose, Robert M.10aElectronic propertieslEspañol10aPropiedades electrónicas /cRobert M Rose, Lawrence A. Shepard y John Wulff ; traducción Carlos Ribbeck Fantini. a316 p. :bil. ;c23 cm.1 aIntroducción a la Ciencia de Materiales,vv. 4 aTítulo de la obra en inglés :tElectronic properties 4aElectrónica industrial1 aShepard, Lawrence A.1 aWulff, John.1 aRibbeck Fantini, Carlos,etr. 0aIntroducción a la Ciencia de Materiales,vv. 4